000 00621nam a2200241Ia 4500
003 OSt
005 20221005043424.0
006 a|||||r|||| 00| 0
007 ta
008 221004b |||||||| |||| 00| 0 eng d
024 _a48450
037 _cTextual
040 _aCRL
_cCRL
_beng
041 _2eng
_aeng
082 _aNQ52,Gx, K6
245 0 _aAmbrogio Lorenzetti
_b Eve Borsook edited by Sadea Sansoni
260 _aFirenze
_bSadea Editore
_c1966
300 _a79p.
_ccm.
650 _a ARTS
650 _aPAINTING
_934359
942 _hNQ52,Gx, K6
_cTEXL
_2cc
999 _c951826
_d951826